LEADER 03998nam 22007095 450 001 996466329903316 005 20200706190701.0 010 $a3-030-21949-6 024 7 $a10.1007/978-3-030-21949-9 035 $a(CKB)4100000008347199 035 $a(DE-He213)978-3-030-21949-9 035 $a(MiAaPQ)EBC5924060 035 $a(PPN)236522299 035 $a(EXLCZ)994100000008347199 100 $a20190529d2019 u| 0 101 0 $aeng 135 $aurnn|008mamaa 181 $ctxt$2rdacontent 182 $cc$2rdamedia 183 $acr$2rdacarrier 200 10$aFunctional Imaging and Modeling of the Heart$b[electronic resource] $e10th International Conference, FIMH 2019, Bordeaux, France, June 6?8, 2019, Proceedings /$fedited by Yves Coudière, Valéry Ozenne, Edward Vigmond, Nejib Zemzemi 205 $a1st ed. 2019. 210 1$aCham :$cSpringer International Publishing :$cImprint: Springer,$d2019. 215 $a1 online resource (XVII, 435 p. 230 illus., 186 illus. in color.) 225 1 $aImage Processing, Computer Vision, Pattern Recognition, and Graphics ;$v11504 311 $a3-030-21948-8 320 $aIncludes bibliographical references and index. 327 $aElectrophysiology: Mapping and biophysical modelling -- Novel imaging tools and analysis methods for myocardial tissue characterization and remodeling -- Biomechanics: Modeling and tissue property measurements -- Advanced cardiac image analysis tools for diagnostic and interventions. 330 $aThis book constitutes the refereed proceedings of the 10th International Conference on Functional Imaging and Modeling of the Heart, held in Bordeaux, France, in June 2019. The 46 revised full papers were carefully reviewed and selected from 50 submissions. The focus of the papers is on following topics: Electrophysiology: mapping and biophysical modelling; Novel imaging tools and analysis methods for myocardial tissue characterization and remodeling; Biomechanics: modeling and tissue property measurements; Advanced cardiac image analysis tools for diagnostic and interventions. 410 0$aImage Processing, Computer Vision, Pattern Recognition, and Graphics ;$v11504 606 $aOptical data processing 606 $aComputer science?Mathematics 606 $aNumerical analysis 606 $aArtificial intelligence 606 $aComputer communication systems 606 $aImage Processing and Computer Vision$3https://scigraph.springernature.com/ontologies/product-market-codes/I22021 606 $aMath Applications in Computer Science$3https://scigraph.springernature.com/ontologies/product-market-codes/I17044 606 $aNumeric Computing$3https://scigraph.springernature.com/ontologies/product-market-codes/I1701X 606 $aArtificial Intelligence$3https://scigraph.springernature.com/ontologies/product-market-codes/I21000 606 $aComputer Communication Networks$3https://scigraph.springernature.com/ontologies/product-market-codes/I13022 615 0$aOptical data processing. 615 0$aComputer science?Mathematics. 615 0$aNumerical analysis. 615 0$aArtificial intelligence. 615 0$aComputer communication systems. 615 14$aImage Processing and Computer Vision. 615 24$aMath Applications in Computer Science. 615 24$aNumeric Computing. 615 24$aArtificial Intelligence. 615 24$aComputer Communication Networks. 676 $a611.12 702 $aCoudière$b Yves$4edt$4http://id.loc.gov/vocabulary/relators/edt 702 $aOzenne$b Valéry$4edt$4http://id.loc.gov/vocabulary/relators/edt 702 $aVigmond$b Edward$4edt$4http://id.loc.gov/vocabulary/relators/edt 702 $aZemzemi$b Nejib$4edt$4http://id.loc.gov/vocabulary/relators/edt 801 0$bMiAaPQ 801 1$bMiAaPQ 801 2$bMiAaPQ 906 $aBOOK 912 $a996466329903316 996 $aFunctional Imaging and Modeling of the Heart$9772220 997 $aUNISA LEADER 01182nam a2200277 i 4500 001 991000211749707536 005 20020527110822.0 008 010810s1934 it 00| 0 ita d 035 $ab10045867-39ule_inst 035 $aPARLA217380$9ExL 040 $aDip.to Filosofia$bita 082 0 $a189.4 100 1 $aSaitta, Giuseppe$0169777 245 13$aIl carattere della filosofia tomistica /$cGiuseppe Saitta 260 $aFirenze :$bSansoni,$c1934 300 $a146 p. ;$c24 cm 490 0 $aStudi di lettere, storia e filosofia / pubblicati dalla R. Scuola normale superiore di Pisa ;$v5 650 4$aTomismo 907 $a.b10045867$b17-02-17$c27-06-02 912 $a991000211749707536 945 $aLE005 MF 19 L 20$g1$i2005000257506$lle005$o-$pE0.00$q-$rl$s- $t0$u1$v0$w1$x0$y.i10053876$z27-06-02 945 $aLE005IF X C 44$g1$iLE005IFA-6511$lle005$o-$pE0.00$q-$rl$s- $t0$u0$v0$w0$x0$y.i11086130$z28-06-02 945 $aLE022 MP 78 L 33$g1$i2022000096195$lle022$nS.i.$o-$pE0.00$q-$rl$s- $t0$u1$v1$w1$x0$y.i13914509$z03-11-04 996 $aCarattere della filosofia tomistica$9192874 997 $aUNISALENTO 998 $ale005$ale022$b01-01-01$cm$da $e-$fita$git $h3$i1 LEADER 01450oam 2200433Ma 450 001 9910901881903321 005 20210304124007.0 010 $a9780262368018 010 $a0-262-36801-3 035 $a(CKB)5450000000038557 035 $a(OCoLC)1033585843$z(OCoLC)300801767$z(OCoLC)557970263$z(OCoLC)1148949806 035 $a(OCoLC-P)1033585843 035 $a(MaCbMITP)2494 035 $a(EXLCZ)995450000000038557 100 $a19840626d1984 uy 0 101 0 $aeng 135 $aur|n#---||||| 181 $ctxt$2rdacontent 182 $cc$2rdamedia 183 $acr$2rdacarrier 200 14$aThe dream of the factory-made house $eWalter Gropius and Konrad Wachsmann /$fGilbert Herbert 210 $aCambridge, Mass. $cMIT Press$d©1984 215 $a1 online resource $cillustrations 311 $a0-262-08140-7 320 $aIncludes bibliographical references and index. 606 $aPrefabricated houses$zUnited States 606 $aModular coordination (Architecture) 610 $aPrefabricated houses$aProjects, 1920-1960 610 $aARCHITECTURE/Architectural History/Modern Architecture 615 0$aPrefabricated houses 615 0$aModular coordination (Architecture) 676 $a728.3/73 700 $aHerbert$b Gilbert$01772659 801 0$bOCoLC-P 801 1$bOCoLC-P 906 $aBOOK 912 $a9910901881903321 996 $aThe dream of the factory-made house$94274068 997 $aUNINA